000 00713nam a2200217 a 4500
999 _c2039
_d2039
001 2039
003 BD-JhCC
005 20171028202959.0
008 171028s1968 bg |||| ||a| 000 0 ben d
035 _a(BD-JhCC)2039
040 _aBD-JhCC
_dBD-JhCC
041 _aben
082 _a891.4409
_bSAR 1968
245 _aস্যার সৈয়দ আহমদের রচনাবলী /
_cমুজিবর রহমান অনূদিত
260 _aঢাকা :
_bবাংলা একাডেমী প্রকাশনী,
_c১৯৬৮.
300 _a162 p. :
_c21 cm.
650 _aBengali Literature
700 _aরহমান, মুজিবর
942 _2ddc
_cBK